Największe miasta w województwie świętokrzyskim bez powiatu - Statystyki

Ogólne statystyki
  • Ten quiz został rozwiązany 5 razy
  • Średni wynik to 6 z 10
Statystyki odpowiedzi
liczba ludności miasto % Poprawnych
4377 Chęciny
80%
7606 Połaniec
80%
3466 Chmielnik
60%
4594 Ożarów
60%
6141 Sędziszów
60%
8540 Suchedniów
60%
3167 Piekoszów
40%
3647 Małogoszcz
40%
3247 Radoszyce
40%
5018 Stąporków
40%
Nie znaleziono quizów pasujących do podanych kryteriów
Rozkład punktacji
Procent ludzi z każdym wynikiem
Percentyl według liczby udzielonych odpowiedzi
Twoja historia wyników
Nie rozwiązałeś tego quizu